000 00605nam a22002177a 4500
003 UA-OsUOA
001 87294
007 ta
008 20120917b un ||||| |||| 00| 0 ukr d
090 _a92
_bИ90
942 _cBK
040 _aUA-OsUOA
_brus
_cUA-OsUOA
_dUA-OsUOA
245 _aИстория отечественной военно-энциклопедической литературы
300 _a171 с.
955 _a2
041 _arus
080 _a92
260 _aМ.
_bНаука
_c1980
650 7 _a9 Географія. Біографії. Історія
_2UDC
999 _c373989
_d373989